Les récidivistes / (Record no. 163214)

MARC details
000 -LEADER
campo de control de longitud fija 00518nam a2200169 i 4500
001 - NÚMERO DE CONTROL
campo de control 163214
003 - IDENTIFICADOR DE NÚMERO DE CONTROL
campo de control ES-MaACL
005 - FECHA Y HORA DE LA ÚLTIMA TRANSACCIÓN
campo de control 20230906212709.0
008 - DATOS DE LONGITUD FIJA--INFORMACIÓN GENERAL
campo de control de longitud fija 010905s1882 fr |||| | fre d
100 1# - ENTRADA PRINCIPAL--NOMBRE DE PERSONA
Nombre de persona Reinach, Joseph.
9 (RLIN) 96038
245 14 - MENCIÓN DEL TÍTULO
Título Les récidivistes /
Mención de responsabilidad, etc. Joseph Reinach.
250 ## - MENCION DE EDICION
Mención de edición 2ème éd.
260 ## - PUBLICACIÓN, DISTRIBUCIÓN, ETC.
Lugar de publicación, distribución, etc. Paris :
Nombre del editor, distribuidor, etc. G. Charpentier,
Fecha de publicación, distribución, etc. 1882 (
Fabricante Tip. G. Chamerot)
300 ## - DESCRIPCIÓN FÍSICA
Extensión XII, 388 p. ;
Dimensiones 18 cm.
650 #4 - PUNTO DE ACCESO ADICIONAL DE MATERIA--TÉRMINO DE MATERIA
Término de materia o nombre geográfico como elemento de entrada Reincidentes.
9 (RLIN) 166996
852 ## - LOCALIZACIÓN
Ubicación ES-MaACL
Número de control de estantería D-288
Nota libre - Enc. hol.
-- - Donativo Lastres
Holdings
Estatus retirado Estado de pérdida Estado de daño No para préstamo Colección Biblioteca de origen Biblioteca actual Ubicación en estantería Fecha de adquisición Fuente de adquisición Total de préstamos Signatura topográfica completa Código de barras Visto por última vez Precio de reemplazo Tipo de ítem Koha
        Libros del s. XIX Biblioteca del Ateneo de Madrid Biblioteca del Ateneo de Madrid Sala Valle Inclán 17/01/2008     D-288 901171029 23/02/2023 23/02/2023 Libro impreso antiguo